| 000 | 00523nam a2200145 4500 | ||
|---|---|---|---|
| 082 | _aMSIT-13 NIA | ||
| 100 | _aTariq Mehmood Khan Niazi | ||
| 245 | _aA mechanism to achieve accuracy and privacy in Data Mining | ||
| 260 |
_aIslamabad _bNUST-SEECS _c2016 |
||
| 300 |
_a47p. _eCD Includes |
||
| 856 | _uhttp://10.250.8.41:8080/xmlui/handle/123456789/9918 | ||
| 942 |
_2ddc _cTHE |
||
| 999 |
_c328934 _d328934 |
||